Movies Quiz

Random Movies or Director Quiz

Complete Filmography of Werner Herzog Quiz Stats

 Plays Quiz not verified by Sporcle

Challenge
Share
Tweet
Embed
Score 0/59 Timer 12:00
0 Plays Today
Year Film % Correct
1982Fitzcarraldo
93.1%
1972Aguirre: The Wrath of God
90.8%
2005Grizzly Man
83.9%
1979Nosferatu the Vampyre
82.8%
2009The Bad Lieutenant: Port of Call - New Orleans
77%
1977Stroszek
70.1%
1970Even Dwarfs Started Small
69%
1999My Best Fiend
64.4%
2006Rescue Dawn
64.4%
2010Cave of Forgotten Dreams
64.4%
1976Heart of Glass
62.1%
1979Woyzeck
60.9%
1974The Enigma of Kaspar Hauser
59.8%
1987Cobra Verde
59.8%
2011Into the Abyss
58.6%
1971Fata Morgana
55.2%
1997Little Dieter Needs to Fly
55.2%
2007Encounters at the End of the World
54%
2009My Son, My Son, What Have Ye Done
52.9%
1971Land of Silence and Darkness
44.8%
1968Signs of Life
39.1%
1984Where the Green Ants Dream
39.1%
2001Invincible
39.1%
2004The White Diamond
37.9%
1992Lessons of Darkness
35.6%
2005The Wild Blue Yonder
34.5%
1974The Great Ecstasy of Woodcarver Steiner
31%
1977La Soufrière
29.9%
1976How Much Wood Would a Woodchuck Chuck...
28.7%
1962Herakles
27.6%
Year Film % Correct
1991Scream of Stone
26.4%
2010Happy People: A Year in the Taiga
25.3%
2003Wheel of Time
24.1%
1981God's Angry Man
23%
2012On Death Row
23%
1976No One Will Play with Me
18.4%
1993Bells from the Deep
17.2%
1969The Flying Doctors of East Africa
16.1%
1995Gesualdo: Death for Five Voices
16.1%
1984Ballad of the Little Soldier
14.9%
1985The Dark Glow of the Mountains
14.9%
2000Wings of Hope
14.9%
1986Portrait Werner Herzog
13.8%
1968Last Words
12.6%
2009La Bohème
12.6%
1967The Unprecedented Defence of the Fortress Deutschkreuz
11.5%
1989Wodaabe: Herdsmen of the Sun
11.5%
1990Echoes from a Somber Empire
11.5%
1991Jag Mandir
10.3%
2013From One Second to the Next
9.5%
1971Handicapped Future
9.2%
1969Precautions Against Fanatics
8%
2001Pilgrimage
8%
2002Ten Thousand Years Older
8%
1981Huie's Sermon
6.9%
1996The Transformation of the World Into Music
5.7%
1999Christ and Demons in New Spain
4.6%
2011Ode to the Dawn of Man
4.6%
2012The Killers: Unstaged
3.4%

You're not logged in!

Compare scores with friends on all Sporcle quizzes.
OR
Log In

You Might Also Like...

Show Comments

Extras

Top Quizzes Today


Score Distribution

Your Account Isn't Verified!

In order to create a playlist on Sporcle, you need to verify the email address you used during registration. Go to your Sporcle Settings to finish the process.

Report this User

Report this user for behavior that violates our Community Guidelines.

Details: